| 000 | 01772nam a22001577a 4500 | ||
|---|---|---|---|
| 041 | _aukr | ||
| 080 | _a09 | ||
| 090 | _bБОБ | ||
| 100 | _aБобер І.В. | ||
| 245 | _aЛексико-стилістичний аналіз роману Уільяма Сомерсета Моема "Театр" | ||
| 260 |
_aОстрог _bКАФ _c2009 |
||
| 300 | _a46 | ||
| 520 |
_aВСТУП
РОЗДІЛ 1 ЛЕКСИЧНІ ТА СТИЛІСТИЧНІ ОСОБЛИВОСТІ АНГЛІЙСЬКОЇ МОВИ
1.1 Поняття лексикології та лексичного значення слова.
1.1.1 Групи слів за лексичним значенням.
1.1.2 Особливості емоційно-експресивної лексики.
1.2 Особливості стилістичних функцій одиниць.
1.2.1 Семантична структура слова і взаємодія прямих та переносних значень як фактор стилю.
1.2.2 Особливості стилістичних функцій тропів.
1.2.3 Стилістичне функціонування фразеологічних одиниць.
РОЗДІЛ 2 ОСОБЛИВОСТІ ВИКОРИСТАННЯ ЛЕКСИКИ ЗІ СТИЛІСТИЧНОГО ПОГЛЯДУ У РОМАНІ УІЛЬЯМА СОМЕРСЕТА МОЕМА "ТЕАТР"
2.1 Характеристика лексики, вжитої в художньому стилі.
2.2 Стилістичне використання тропів у творі.
2.3 Лексичні засоби розмовного стилю в романі.
ВИСНОВКИ _0лексикологія, Моем У.С., лексика |
||
| 650 | _aResearch Papers | ||
| 999 |
_c284137 _d284137 |
||
| 942 | _cBK | ||